Exekučný poriadok a daň z pridanej hodnoty

Novela zákona č. 233/1995 Z. z. o súdnych exekútoroch a exekučnej činnosti (Exekučný poriadok) a o zmene a doplnení ďalších zákonov v z. n. p. platná od 1. 11. 2013 ustanovuje v § 46 poradie uspokojenia pohľadávok z prijatých plnení.

Na minha lista:
Detalhes bibliográficos
Autor principal: Pašek, Peter
Formato: Capítulo de Livro
Idioma:eslovaco
Assuntos:
Tags: Adicionar Tag
Sem tags, seja o primeiro a adicionar uma tag!

MARC

LEADER 00000naa a2200000 4500
001 0180141
005 20231208085904.2
041 0 |a slo 
044 |a SK 
245 1 0 |a Exekučný poriadok a daň z pridanej hodnoty  |c Peter Pašek 
520 |a Novela zákona č. 233/1995 Z. z. o súdnych exekútoroch a exekučnej činnosti (Exekučný poriadok) a o zmene a doplnení ďalších zákonov v z. n. p. platná od 1. 11. 2013 ustanovuje v § 46 poradie uspokojenia pohľadávok z prijatých plnení. 
610 2 0 |a poriadok exekučný 
610 2 0 |a legislatíva 
610 2 0 |a exekútori 
610 2 0 |a Slovensko 
610 2 0 |a dane z hodnoty pridanej 
100 1 |a Pašek, Peter